| 000 | 00925nac a22002537a 4500 | ||
|---|---|---|---|
| 001 | BR8000183 | ||
| 003 | BR-BrBNA | ||
| 005 | 20240105114611.0 | ||
| 008 | 230509b bl.|||m| |||| 00| 0 por d | ||
| 040 |
_aBR-BrBNA _bpor _cBiblioteca Nacional de Agricultura |
||
| 072 | _aP12 | ||
| 090 | _aP12 BR8000183 | ||
| 100 | 1 | _aLourenco, C.A. | |
| 110 | 1 |
_aServico Nacional de Levantamento e Conservacao de Solos, Rio de Janeiro, RJ (Brasil) _99379 |
|
| 245 | 1 | _aIrrigacao subsuperficial pela utilizacao de calha com areia - sistema iscal | |
| 246 | 1 | _a[Under surface irrigation using gutter with sand - bait system] | |
| 260 | 3 |
_aRio de Janeiro, RJ (Brasil): _cSep 1979. |
|
| 300 | _a6 p. | ||
| 490 |
_aComunicado Tecnico - Servico Nacional de Levantamento e Conservacao de Solos (Brazil) _vno. 2 _x |
||
| 650 | _aIrrigacao | ||
| 650 | _aCalha | ||
| 909 |
_a202312 _bLúcia Elande _c55 _dLúcia Elande |
||
| 942 |
_2AGRIS _n0 _cMS |
||
| 999 |
_c270276 _d270276 |
||